Daily life of the Nubians /

محفوظ في:

المؤلف الرئيسي: Bianchi, Robert Steven, 1943- (مؤلف)

التنسيق: كتاب

اللغة: English

منشور في: Westport, Conn. : Greenwood Press, 2004.

سلاسل: Greenwood Press "Daily life through history" series.

الموضوعات:

الوصول للمادة أونلاين: Login to view Source

الوسوم: إضافة وسم

لا توجد وسوم, كن أول من يضع وسما على هذه التسجيلة!

رقم الطلب: DT159.6 .N83 B527

LEADER 00950nam a22002657a 4500
003 OSt
005 20260419105153.0
008 260419t2004 ctuab b 001 0 eng d
010 |a 2004013208 
015 |a GBA442226  |2 bnb 
020 |a 0313325014 (alk. paper) 
040 |c ARCE Library 
050 1 4 |a DT159.6 .N83  |b B527 
100 1 |a Bianchi, Robert Steven,  |d 1943-  |e author 
245 1 0 |a Daily life of the Nubians /  |c Robert Steven Bianchi. 
264 1 |a Westport, Conn. :  |b Greenwood Press,  |c 2004. 
300 |a xx, 284 pages :  |b illustrations, 1 map ;  |c 25 cm. 
490 0 |a Greenwood Press "Daily life through history" series. 
504 |a Includes bibliographical references (pages [275]-279) and index. 
650 0 |a Nubians  |x Social life and customs. 
852 |a IN  |c 20090707091529.0n  |p 11306 
856 4 1 |u http://www.loc.gov/catdir/toc/ecip0418/2004013208.html  |3 Table of contents 
901 |a reviewed 
942 |c BK  |c EBK  |2 lcc 
999 |c 11346  |d 11346